| 000 | 00000nam##2200000za#4500 |
| 001 | 9.527248 |
| 003 | CaOODSP |
| 005 | 20210615083033 |
| 007 | ta |
| 008 | 150406|1996||||xxc||||| f|0| 0 eng|d |
| 020 | |a0-660-59978-3 |
| 022 | |a0706-148X |
| 040 | |aCaOODSP|beng |
| 041 | |aeng |
| 041 | |afre |
| 043 | |an-cn--- |
| 086 | 1 |aS52-2/230-1996 |
| 110 | 1 |aCanada.|bPublic Works and Government Services Canada. |bTranslation Services. |
| 245 | 10|aExport financing and insurance vocabulary / |cby Janeen Johnston-Des Rochers et al. Issued in cooperation with Language Services Department, Export Development Corporation (EDC). |
| 260 | |aOttawa - Ontario : |bPublic Works and Government Services Canada. |c1996. |
| 300 | |axxxi, 572p. : |c22 cm. |
| 490 | 1 |aTerminology bulletin|x0706-148X|v230 |
| 500 | |aSpanish title: Vocabulario del Financiamiento y Seguro a la Exportación. |
| 504 | |aBibliography. |
| 520 | 3 |aThis English-French-Spanish vocabulary provides trilingual definitions of complex terms pertaining to international trade, finance, economics, and insurance. Compiled in response to the rapid growth of trade initiated by NAFTA, the vocabulary has been designed as a reference tool for exporters, insurers, suppliers, financial experts, and language specialists. The vocabulary contains approximately 1,400 entries, defining more than 470 terms, listed in a clear, side-by-side arrangement. For certain entries, helpful phraseology units have been added to illustrate the idiomatic usage in each language, making this a practical and valuable resource. Terminology Bulletin 230 was developed by the Terminology and Standardization Directorate of the Translation Bureau in co-operation with the Language Services Department of Export Development Corporation. |
| 546 | |aText in English, French and Spanish |
| 563 | |aSoftcover |
| 590 | |a96-14|b1996-04-01 |
| 690 | 07|aExports|2gcpds |
| 690 | 07|aTerminology|2gcpds |
| 720 | 1 |aJohnston-Des Rochers, Janeen |
| 776 | 0#|tVocabulaire du financement et de l'assurance à l'exportation / |w(CaOODSP)9.590566 |
| 792 | |tVocabulaire du financement et de l'assurance à l'exportation / |efre|w(CaOODSP)9.527249 |
| 830 | #0|aTerminology bulletin,|x0706-148X|v230|w(CaOODSP)9.509598 |